000 01223nam a22002535i 4500
001 153092
003 ES-MaACL
005 20230906205023.0
008 941221s1799 sp |||| | spa d
040 _aCARM
_bspa
100 1 _aChardon, Charles-Mathias.
_9126456
245 1 0 _aHistoria de los Sacramentos
_b: donde se refiere el modo observado por la Iglesia en su celebración y administración... /
_cescrita en frances por el R.P. D. Carlos Chardon, religioso benedictino... ; traducida con adiciones y notas por... Fr. Alberico Echandi, monge cisterciense..., y Don Juan de Campo y Oliva... ; tomo primero...
260 _aMadrid :
_ben la Imprenta Real, por D. Pedro Pereyra...,
_c1799.
300 _aXVIII, 510 p., [2] en bl. ;
_c8º.
505 8 _aApéndice : p. 489-510, con texto paralelo español-latín
597 _aSign.: *<8>, 2*<1>, A-Z<8>, 2A-2I<8>
597 _aError tip. de sign., en 2I>2< consta 2B>2<.
650 4 _aBautismo.
_9135676
650 0 4 _aSacramentos.
_916963
700 1 _aEchandi, Aberico.
_9126913
700 0 _aCampo y Oliva, Juan de.
_934226
852 _aES-MaACL
_jR-1264-71
_z-- Enc. hol.
_z-- Las pp. 499-510 mal enc.
_x Olim: G-13273-80
999 _c153092
_d153092